Rivadavia y el imperialismo financiero

Zapisane w:
Opis bibliograficzny
1. autor: Rosa, José María (Autor)
Format: Książka
Język:hiszpański
Wydane: Buenos Aires A. Peña Lillo 1974
Hasła przedmiotowe:
Etykiety: Dodaj etykietę
Nie ma etykietki, Dołącz pierwszą etykiete!

MARC

LEADER 00000nam a2200000 a 4500
001 UCO3175
003 CL-VaPUC
008 000714e19740000AG |||||||||||||||||spa|d
082 0 4 |a 338.82  |b ROS  |2 21 
100 0 |a Rosa, José María  |e author  |9 447087 
245 1 0 |a Rivadavia y el imperialismo financiero 
300 |a 199 p 
942 |c BK 
945 |d 20000714 00:00:00  |a rherrera 
260 |a Buenos Aires  |b A. Peña Lillo  |c 1974 
600 0 7 |a RIVADAVIA, BERNARDINO  |2 CL-VaPUC  |9 446416 
650 0 |a Monopolios  |9 255549 
650 7 |a IMPERIALISMO ECONOMICO  |2 CL-VaPUC  |9 391838 
651 0 |a Argentina  |9 254888 
651 0 |a Inglaterra  |9 255158 
583 |a last modification  |c 20160829 03:29:41  |k Rodrigo Vera 
999 |c 289645  |d 289643 
952 |0 0  |1 0  |4 0  |6 338_820000000000000_ROS_1974  |7 0  |8 A  |9 338215  |a BIBHIS  |b BIBHIS  |d 2019-11-20  |i 1299921  |o 338.82 ROS 1974  |p 1299921  |r 2025-01-20  |w 2019-11-20  |y BK  |k HIS